| 000 | 00568nam a2200193 i 4500 | ||
|---|---|---|---|
| 001 | 123838 | ||
| 003 | ES-MaACL | ||
| 005 | 20250830063101.0 | ||
| 007 | t| | ||
| 008 | 070214s1971 sp r ||||1| spa d | ||
| 100 | 1 |
_aCosta Clavell, Xavier, _d1923-2006 _941089 |
|
| 245 | 1 | 0 |
_aCanarios y periquitos / _cFélix Quirós de Rueda [seud.]. |
| 260 |
_aBarcelona : _bRodegar, _c1971. |
||
| 300 |
_a142 p. ; _c17 cm. |
||
| 650 | 4 |
_aCanarios (Aves) _9163789 |
|
| 650 | 4 |
_aPeriquitos. _9163790 |
|
| 852 |
_aES-MaACL _jC-42087 _bR.77793 |
||
| 999 |
_c123838 _d123838 |
||